000 00368nam a2200145Ia 4500
008 230917s9999||||xx |||||||||||||| ||und||
040 _e55269
_aMAIN
041 _aEnglish
082 _a861 N358C:P
100 _aNeruda, Pablo
245 4 _aThe poetry of Pablo Neruda
260 _aCambridge
_bHarvard University Press
_c1979
300 _axii, 212 p.
942 _cBK
999 _c202232
_d202232